Toutes les villes de plus de 50k habitants en Tunisie sur une carte - Statistiques

Statistiques générales
  • Ce quiz a été pris 3 fois
  • Le résultat moyen est 7 sur 52
Réponses sur la Carte
Les réponses sont colorées sur une échelle allant du rouge au vert en fonction du pourcentage des utilisateurs qui les ont devinées à leur premier essai. Vous pouvez retrouver ces pourcentages ci-dessous.
 
Statistiques - réponses
Population Ville % Correct
294k Sfax
100%
306k Sousse
100%
623k Tunis
100%
52k El Hamma
67%
89k Hammamet
67%
141k Ariana
33%
177k Bizerte
33%
112k Gabès
33%
111k Gafsa
33%
132k Monastir
33%
61k Sidi Bouzid
33%
78k Tataouine
33%
69k Béja
0%
110k Ben Arous
0%
80k Ben Gardane
0%
64k Bou Mhel El Bassatine
0%
52k Dar Châabane El Fehri
0%
93k Djerba Houmt Souk
0%
85k Djerba Midoun
0%
93k Douar Hicher
0%
51k El Aïn
0%
144k El Mourouj
0%
93k Ettadhamen
0%
65k Fouchana
0%
56k Hammam Sousse
0%
64k Jemmal
0%
173k Kairouan
0%
65k Kalâa Kebira
0%
53k Kalâa Seghira
0%
96k Kasserine
0%
67k Kef
0%
52k Kélibia
0%
65k Ksar Hellal
0%
85k La Goulette
0%
117k La Marsa
0%
211k La Soukra
0%
74k Le Bardo
0%
102k Le Kram
0%
60k Mahdia
0%
87k Médenine
0%
64k Menzel Bourguiba
0%
96k Mnihla
0%
104k Mohamedia
0%
71k Moknine
0%
66k M’saken
0%
95k Nabeul
0%
75k Oued Ellil
0%
88k Radès
0%
198k Raoued
0%
66k Sakiet Ezzit
0%
167k Sidi Hassine
0%
75k Zarzis
0%
Aucun quiz correspondant
Distribution des résultats
% des personnes avec chaque résultat
Percentile par nombre de réponses
Votre historique - résultats
Vous n’avez pas pris ce quiz